000 00883nam a2200265 a 4500
001 70191
003 BD-RjUL
005 20211209081955.0
008 170416s1973 nyu b 001 0 eng
020 _a0444104410 (American Elsevier)
035 _a(BD-RjUL)70404
040 _aDLC
_cDLC
_dDLC
_beng
041 _aeng
082 0 0 _223
_a512.9422
_bLAA 1973
100 1 _aLausch, Hans
_9207873
245 1 0 _aAlgebra of polynomials /
_cHans Lausch and Wilfried Nöbauer.
260 _aAmsterdam,
_bNorth-Holland Pub. Co.;
_aNew York :
_bAmerican Elsevier,
_c1973.
300 _axi, 322 p. ;
_c23 cm.
490 0 _aNorth-Holland mathematical library,
_vv. 5
504 _aIncludes Bibliography and index
650 0 _aPolynomials.
_9152208
700 1 _aNöbauer, Wilfried,
_ejoint author.
_9207874
830 _aNorth-Holland mathematical library,
_vv. 5
_9153569
942 _2ddc
_cBK
999 _c70191
_d70191